000 00814nas a2200265 4500
001 BR8205592
003 BR-BrBNA
005 20231205085257.0
007 ta
008 230509b bl.|||p| |||| 00| 00por d
040 _aBR-BrBNA
_bpor
_cBiblioteca Nacional de Agricultura
041 _a(Pt)
072 _aL73
100 1 _aNader Filho, A.
100 1 _aPablo, R.
245 1 _aSensibilidade de agentes bacterianos da mastite bovina a acao de antibioticos e quimioterapicos
650 _aGADO LEITEIRO
650 _aMAMITE
650 _aLEITE
650 _aANTIBIOTICO
650 _aBACTERIA
773 0 _tRevista do Instituto de Laticinios Candido Tostes (Brazil)
_xISSN 0100-3674
_g(Nov-Dec 1982), v. 37(224) p. 19-23
_wBR8205592
909 _a202311
_bLúcia
_c55
_dLúcia Elande
942 _2AGRIS
_n0
_cANA
999 _c110419
_d110419